| 000 | 00525cam a2200169 4500 | ||
|---|---|---|---|
| 001 | BIIH005205 | ||
| 008 | 1995 spa | ||
| 035 | _aBIIH005205 | ||
| 050 | 4 |
_aF1296 .5 _bA52 1995 |
|
| 100 | 1 | _aAnda Gutiérrez, Cuauhtémoc | |
| 245 | 0 |
_aJalisco : _bmodernidad y futuro / _cCuauhtémoc Anda Gutiérrez. |
|
| 260 |
_aMéxico : _b[s.n.], _c1995 |
||
| 300 |
_a237 p. ; _c21 cm. |
||
| 504 | _aBibliografía: p. 233-237 | ||
| 651 |
_aGuadalajara, Jalisco _xHistoria _zMéxico _2LEMB |
||
| 942 |
_2lcc _cLIB |
||
| 999 |
_c87001 _d87001 |
||